Matičná nedeľa

Bibliographic Details
Main Author: Bellová, Vlasta, 1954- (Author)
Format: Article
Language:Slovak
ISSN:0862-8823
Subjects:

MARC

LEADER 00000nab a2200000 a 4500
001 vtls000730995
003 SK-MaSNL
005 20260305032730.0
008 180206c xo 0 slo
015 |a SNBRB2000/09-23083 
035 |a CLN000083120 
040 |a SNKBUCL  |b slo  |c SNKBUCL  |e AACR2 
041 0 |a slo 
044 |a xo  |c SK 
080 |a 061.25(437.6):061.7  |2 UDC-MRF-SK2 
100 1 |a Bellová, Vlasta,  |d 1954-  |4 aut  |9 235769 
245 1 0 |a Matičná nedeľa  |c Vlasta Bellová 
611 1 7 |a Matičná nedeľa  |n 5.  |d 2000  |c Martin, Slovensko  |2 snkbucl  |9 1612384 
651 7 |a Martin (Slovensko : okres)  |2 snkbucl  |9 73088 
655 7 |a články z novín a časopisov  |2 snkbucl  |9 267496 
773 0 |x 0862-8823  |t Slovenské národné noviny  |g Roč. 11 (15), č. 17 (2000), s. 2 
850 |a Slovenská národná knižnica v Martine 
852 |a SNK  |b KIS3GCP 
958 |a RBX 
999 |c 3321380  |d 3323310